000 01722cam a22004574i 4500
003 PE-LiUPU
005 20250731172917.0
008 150617s r 000 0 d
020 _a0912552271
035 _a(Sirsi) i9780912552279
040 _aPE-LiUPU
_bspa
_cPE-LiUPU
_erda
049 _aPRUA
082 0 4 _a266.023
_bM32
_221
100 1 _aMcCurry, M,
_eautor.
245 1 0 _aWorld Christianity :
_bMiddle East /
_cM. McCurry.
264 1 _aCalifornia :
_bMARC,
_c1979.
300 _a144 páginas ;
_c28 centímetros
336 _atext
_2rdacontent
337 _aunmediated
_2rdamedia
338 _avolume
_2rdacarrier
505 0 _aStatus of Christianity country profiles -- Bahrain -- Cyprus -- Iran -- Iraq -- Israel -- jordan -- Kuwait -- Lebanon -- Oman -- People's democratic republic of yemen -- Qatar -- Saudi Arabia -- Syria -- Turkey -- United Arab Emirates -- Yemen Arab Republic -- Unreached peoples -- People of the middle east -- Unreached people listing -- Unreached peoples.
526 _aSEG42
526 _aSEG41
526 _aSEG40
526 _aSEG39
526 _aP94
526 _aP87
526 _aP86
526 _aP85
526 _aP77
526 _aP76
526 _aP35
650 0 4 _aCristianismo.
910 _ajck
_bjvq
_cjck
_d20150616
942 _2ddc
_cBOOK
949 _a266.023 M32
_wDEWEY
_c1
_i19217
_lCCODEBUL1
_mBUL
_r0
_sY
_tBOOK
_u2015-6-17
_xTEOLOGIA
_PP35
_0COMPRA
_o.STAFF. Colección General
994 _aC0
_bPEPRU
596 _a1
999 _a266.023 M32
_wDEWEY
_c18700
_i19217
_d18700
_f2021-11-12
_g5
_lCCODEBUL1
_mBUL
_q2
_r0
_sY
_tBOOK
_u2015-6-17
_xTEOLOGIA
_PP35
_0COMPRA
_o.STAFF. Colección General
980 _81
_gALBERTO SANCHEZ Responsable de Automatización